000 00432nam a2200169Ia 4500
003 LK-CoDNM
005 20240826120453.0
008 010623t1909 xxu||||| |||| 00| 1 eng d
040 _aLK-CoDNM
_dLK-CoDNM
_eLK-CoDNM
041 _aeng
080 _a22
_bJ3
100 _aFoster, William
245 _aThe English Factories in India 1624-1629
260 _bClarendom Press
_aOxford
_c1909
300 _b387p. : 25 cm
942 _cBK
999 _c87087
_d87087